Statistics for War by photo

Click here to take the quiz!

General Stats

  • This quiz has been taken 24 times
  • The average score is 3 of 8

Answer Stats

Answer% Correct
World war 2
87%
Vietnam war
78%
World war 1
78%
French revolution
57%
Cold war
22%
Ukrainian war
17%
Afghan war
9%
100 years war
0%

Score Distribution

Percentile by Number Answered

Percent of People with Each Score

Your Score History

You have not taken this quiz